Statistics for countries in nato

Click here to take the quiz!

General Stats

  • This quiz has been taken 21 times
  • The average score is 25 of 30

Answer Stats

HintAnswer% Correct
memberunited kingdom
100%
membercanada
95%
membergermany
95%
memberitaly
95%
membernorway
95%
memberturkey
95%
memberunited states of america
95%
memberfrance
89%
membergreece
89%
memberhungary
89%
membernetherlands
89%
memberromania
89%
memberspain
89%
memberbelgium
84%
membercroatia
84%
memberczechia
84%
memberpoland
84%
memberportugal
84%
memberalbania
79%
memberdenmark
79%
memberestonia
79%
memberslovakia
79%
memberbulgaria
74%
membericeland
74%
memberlatvia
74%
memberlithuania
74%
memberluxembourg
74%
memberslovenia
74%
membermontenegro
63%
membernorth macedonia
58%

Score Distribution

Percentile by Number Answered

Percent of People with Each Score

Your Score History

You have not taken this quiz